Juizados Especiais Cv̕eis Comentr̀ios ̉legislaȯ̂ /

Detalles Bibliográficos
Autor principal: de Vita Borges de Sales, Fernando Augusto
Formato: eBook
Lenguaje:portugués
Publicado: San Pablo: JH Mizuno, 2019
Materias:
Acceso en línea:Acceso restringido

MARC

LEADER 00000nam a22000007a 4500
005 20190723225617.0
007 cr|||| ||||
008 190723s2019 br |||||s|||| 00||0 por d
020 |a 978-85-7789-427-7 
035 |a 23842 
040 |a vLex 
090 |c 9053  |d 9053 
100 1 |a de Vita Borges de Sales, Fernando Augusto 
245 1 0 |a Juizados Especiais Cv̕eis  |h [Recurso electrn̤ico] :  |b Comentr̀ios ̉legislaȯ̂ /  |c Fernando Augusto de Vita Borges de Sales 
256 |a Servicio en ln̕ea 
260 |a San Pablo:  |b JH Mizuno,  |c 2019 
300 |a 1 recurso electrn̤ico 
500 |a Os Juizados Especiais Cv̕eis constituem uma das mais importantes formas de prestaȯ̂ da jurisdiȯ̂ ao cidadô brasileiro, levando a justiȧ a casos que, outrora, estavam dela desamparados. Os Juizados Especiais Cv̕eis sô a face da justiȧ comum que est ̀mais voltada para o cidadô, estando, realmente, prx̤ima do jurisdicionado, atendendo, diretamente, causas de menor complexidade, principalmente aquelas de reduzido valor econm̥ico. Por conta disso, ̌importante termos uma obra como esta, em que o autor se prope̳ a examinar a legislaȯ̂, tecendo comentr̀ios, artigo por artigo, parg̀rafo por parg̀rafo, inciso por inciso, da Lei nð 9.099/1995, que instituiu os Juizados Especiais Cv̕eis no Pas̕. O autor comenta, tambm̌, e, na n̕tegra, a Lei nð 12.153/2009 (Lei dos Juizados Especiais da Fazenda Pb︢lica) e a Lei nð 10.259/2001 (Lei dos Juizados Especiais Federais). O objetivo da presente obra ̌oferecer uma visô prt̀ica do funcionamento dos Juizados, de forma direta e concisa, mas sem perder o foco na parte tčnica e ter̤ica, constituindo, assim, uma ferramenta t︢il e importante para o profissional do Direito que lida diretamente com eles. Útil, tambm̌, para o estudante de Direito e para todos aqueles que estô se preparando para concursos pb︢licos. Livro de aplicaȯ̂ no curso de Direito, na cadeira de processo civil (procedimentos especiais), em nv̕el de graduaȯ̂ e ps̤-graduaȯ̂. Indicado, tambm̌, para os operadores do Direito que militam no Juizado Especial Cv̕el, da Fazenda Pb︢lica e Federal. 
506 1 |a Disponible solo en los productos indicados  |d vLex Global  |d vLex Global (Academic Edition, excluding Law Schools)  |d vLex Global (U.S. Academic Edition, Law Schools)  |d vLex Global (U.S. Academic Edition, excluding Law Schools)  |d vLex Global (Academic Edition, Law Schools) 
650 0 4 |a Derecho Civil  |z Brasil 
650 0 4 |a Procedimiento Civil  |z Brasil 
740 0 |a vLex Libros (Servicio en ln̕ea) 
856 4 0 |u http://vlex.com/source/juizados-especiais-civeis-comentarios-a-legisla-o-23842  |z Acceso restringido 
942 |c BOOK 
999 0 |a Civil Law 
999 0 |a Civil Procedure